Statistics for Countries with all Main Climate Groups

Click here to take the quiz!

General Stats

  • This quiz has been taken 109 times
    (87 since last reset)
  • The average score is 8 of 10

Answer Stats

Countries% Correct
United States
97%
China
93%
India
91%
Argentina
83%
Australia
83%
France
82%
Mexico
79%
United Kingdom
75%
New Zealand
59%
Myanmar
37%

Score Distribution

Percentile by Number Answered

Percent of People with Each Score

Your Score History

You have not taken this quiz since the last reset